| Поле | Название | Значение |
| |
Тип записи |
a |
| |
Библиографический уровень |
m |
| 001 |
Контрольный номер |
RU/IS/BASE/277473695 |
| 005 |
Дата корректировки |
20251003164101.0 |
| 010 |
Индекс ISBN |
__ |
| a |
ISBN |
978-5-89846-679-4 |
| d |
Цена |
100-00; 294-88; 200-00 |
| b |
Уточнения |
в пер. |
| 9 |
Тираж |
1000 экз. |
| 100 |
Данные общей обработки |
__ |
| a |
Данные общей обработки |
20210426d2007 m y0rusy028902 ca |
| 101 |
Язык документа |
0_ |
| a |
Язык текста |
rus |
| 102 |
Страна публикации |
__ |
| a |
Страна публикации |
RU |
| 105 |
Кодированные данные (монография) |
__ |
| a |
Кодированные данные (монография) |
a z 010yd |
| 181 |
Поле кодированных данных: вид содержания |
_0 |
| a |
Код вида содержания (ISBD) |
i |
| 182 |
Поле кодированных данных: тип средства |
_0 |
| a |
Код типа средства (ISBD) |
n |
| 200 |
Заглавие и сведения об ответственности |
1_ |
| a |
Заглавие |
Тропа жизни учителя Знаменского |
| f |
Первые сведения об ответственности |
Администрация города Сургута ; составители: В. К. Белобородов, Е. А. Знаменская ; редактор В. К. Белобородов ; художник Г. С. Райшев |
| 203 |
Вид содержания и тип средства |
__ |
| a |
Вид содержания |
Текст |
| c |
Тип средства |
непосредственный |
| 205 |
Сведения об издании |
__ |
| a |
Основные сведения об издании |
2-е издание, исправленное и дополненное |
| 210 |
Выходные данные |
1_ |
| a |
Место издания |
Ханты-Мансийск |
| c |
Издательство |
Полиграфист |
| d |
Дата издания |
2007 |
| 215 |
Физическое описание |
__ |
| a |
Объем |
373, [3] с. |
| c |
Иллюстрации/тип воспроизводства |
ил., фот., портр. |
| 300 |
Общие примечания |
__ |
| a |
Общие примечания |
Издание доступно в Интернете: http://elib.slib.ru/surgut/item/1249-tropa-zhizni-uchitelya-znamenskogo |
| 320 |
Библиография |
__ |
| a |
Библиография |
Примечание: с. 354-365 |
| 320 |
Библиография |
__ |
| a |
Библиография |
Приложение: с. 366-374 |
| 330 |
Аннотация |
__ |
| a |
Аннотация |
Издание приурочено к 110 годовщине со дня рождения сургутского учителя А. С. Знаменского. Представлены педагогические заметки учителя, письма и воспоминания его учеников и коллег. |
| 600 |
Персоналии |
_1 |
| a |
Персоналии (Фамилия) |
Знаменский |
| g |
Полное имя |
А. С. |
| b |
Персоналии (Имя) |
Аркадий Степанович |
| f |
Даты |
1898-1982 |
| 601 |
Наименование организации как предмет |
12 |
| a |
Наименование организации как предмет |
Колледж русской культуры |
| e |
Место проведения временной организации |
Сургут |
| 601 |
Наименование организации как предмет |
12 |
| a |
Наименование организации как предмет |
Сургутский колледж русской культуры им. А. С. Знаменского |
| 606 |
Тематические рубрики |
__ |
| a |
Основная рубрика |
Образование. Педагогика |
| 2 |
Код системы |
nlr_sh |
| 606 |
Тематические рубрики |
__ |
| a |
Основная рубрика |
История образования |
| y |
Географическая подрубрика |
Россия |
| y |
Географическая подрубрика |
Тюменская область |
| y |
Географическая подрубрика |
ХМАО-Югра |
| y |
Географическая подрубрика |
Ханты-Мансийский автономный округ - Югра |
| y |
Географическая подрубрика |
Сургут |
| 610 |
Ключевые слова |
0_ |
| a |
Ключевые слова |
персоналии; краеведение; воспоминания; учителя; педагоги; колледжи; педагогическая деятельность |
| 686 |
Индексы других классификаций |
__ |
| a |
Классификационный индекс |
К74.03(2)-8; стК74.03 |
| 702 |
Вторичная интеллектуальная ответственность |
_1 |
| a |
Фамилия |
Знаменская |
| b |
Имя |
Е. А. |
| 4 |
Код отношения |
340 |
| 702 |
Вторичная интеллектуальная ответственность |
_1 |
| a |
Фамилия |
Белобородов |
| b |
Имя |
В. К. |
| 4 |
Код отношения |
340 |
| 4 |
Код отношения |
220 |
| f |
Даты |
1936-2016 |
| g |
Полное личное имя |
Валерий Константинович |
| 702 |
Вторичная интеллектуальная ответственность |
_1 |
| a |
Фамилия |
Райшев |
| b |
Имя |
Г. С. |
| f |
Даты |
1933- |
| g |
Полное личное имя |
Геннадий Степанович |
| 712 |
Наименование организации (Вторичная ответственность) |
02 |
| a |
Организация/ юрисдикция |
Сургут |
| b |
Другие уровни |
Администрация |
| 801 |
Источник записи |
_0 |
| a |
Страна |
RU |
| b |
Организация |
Муниципальное бюджетное учреждение культуры "Централизованная библиотечная система" г. Сургут (Центральная городская библиотека им. А. С. Пушкина) |
| g |
Правила каталогизации |
PSBO |
| c |
Дата составления |
20210426 |
| 801 |
Источник записи |
_1 |
| a |
Страна |
RU |
| b |
Организация |
Муниципальное бюджетное учреждение культуры "Централизованная библиотечная система" г. Сургут (Центральная городская библиотека им. А. С. Пушкина) |
| g |
Правила каталогизации |
PSBO |
| c |
Дата составления |
20210426 |
| 852 |
Данные о местонахождении |
__ |
| j |
Шифр хранения |
К74.03(2)-8 |
| c |
Каталожный индекс |
К74.03(2) |
| i |
Авторский знак |
Т 74 |
| 900 |
Макрообъекты |
__ |
| a |
Макрообъекты |
Тропа жизни учителя Знаменского,2007 |
| 901 |
Тип документа |
__ |
| t |
Тип документа |
m |
| a |
Ответственный |
КиК/Елгина; КиК/Лукашук; КиК/Обаева |
| 903 |
Характеристики (МАРС) |
__ |
| a |
Дата передачи |
20081021; 20080728; 20220222 |
| c |
Наименование библиотеки (МАРС) |
Муниципальное бюджетное учреждение культуры "Централизованная библиотечная система" г. Сургут (Центральная городская библиотека им. А. С. Пушкина) |
| 990 |
Данные о заказе (DOS) |
__ |
| j |
Количество экземпляров (DOS) |
1; 15; 1 |
| t |
N записи в КСУ для И/У (DOS) |
202203; 200810; 200807 |